[Event "NED-ch60"]
[Site "Leeuwarden"]
[Date "2005.09.09"]
[Round "4"]
[White "Van Wely, Loek"]
[Black "Van den Doel, Erik"]
[Result "1-0"]
[WhiteElo "2655"]
[BlackElo "2587"]
[Annotator "Ribli,Z"]
[PlyCount "99"]
[EventDate "2005.09.06"]
[EventType "tourn"]
[EventRounds "9"]
[EventCountry "NED"]
[EventCategory "13"]
[SourceTitle "CBM 110"]
[Source "ChessBase"]
[SourceDate "2006.01.31"]
[SourceVersion "1"]
[SourceVersionDate "2006.01.31"]
[SourceQuality "1"]

1. c4 e5 2. g3 Nf6 3. Bg2 c6 4. d4 Bb4+ 5. Bd2 Bxd2+ 6. Qxd2 d6 7. Nc3 (7. dxe5
dxe5 8. Qg5 $6 O-O 9. Qxe5 Qb6 $36 (9... Re8 $36)) 7... O-O 8. e3 {Dieser Zug
scheint chancenreicher für Weiß als die Alternative 8.e4, da die Diagonale des
g2-Läufers offen bleibt.} Be6 (8... Re8 9. Nge2 e4 $6 10. O-O d5 11. cxd5 cxd5
12. f3 exf3 13. Rxf3 Bg4 14. Rf4 Nc6 15. Raf1 Bxe2 16. Qxe2 Re6 17. g4 {
1-0 Matamoros Franco,C-Rohl,J/Calvia ol (Men) 2004/(51)}) 9. b3 exd4 10. Qxd4
d5 11. cxd5 Bxd5 (11... Nxd5 12. Nge2 $5 Qa5 (12... Nxc3 13. Qxc3 Nd7 (13...
Na6 $5) 14. O-O Qe7 15. Nd4 Rfd8 16. Rfd1 Nf6 17. Rd2 Rd7 18. h3 Rad8 19. Rad1
{1/2-1/2 Ivanisevic,I-Bacrot,E/Halkidiki 2002/ (42)}) 13. Qa4 Qxa4 14. Nxa4 Nd7
(14... Na6 15. Nd4 Rad8 16. O-O Bc8 17. Rfc1 Ndc7 18. Bf1 Rd5 19. h4 g6 20. a3
c5 21. Nf3 b6 22. b4 $14) 15. O-O Rfd8 16. Nd4 Kf8 17. b4 $14 {1-0 Matamoros
Franco,C-Mecking,H/Mallorca 2004/CBM 104/[Ribli Zoltan] (84)}) 12. e4 $146 {
[%mdl 4]} (12. f3 Na6 13. Nge2 c5 14. Qh4 Bc6 15. O-O Qc7 16. e4 Nb4 17. Qf4
Qxf4 18. gxf4 Rad8 $13 {1-0 Chabanon,J-Fontaine,R/Bescanon 1999/EXT 2000 (70)})
(12. Nxd5 cxd5 13. Rd1 Qe7 14. Ne2 Nc6 15. Qa4 Qb4+ 16. Qxb4 Nxb4 17. Nc3 Rfd8
18. Ke2 Rac8 19. Rc1 d4 20. exd4 Rxd4 21. Rhd1 Rxd1 22. Rxd1 g6 $11 {0-1
Taddei,B-San Segundo Carrillo,P/France 2003/EXT 2004 (67)}) 12... Be6 (12...
Qe7 13. Nge2 Be6 14. Rd1) 13. Nge2 Qb6 14. Na4 (14. O-O Rd8 15. Qxb6 axb6 16.
f4) 14... Qa5+ (14... Qxd4 15. Nxd4 $14) 15. Qc3 Qxc3+ 16. Naxc3 {Diese
Stellung erinnert mich an die Partie Matamoros Franco, C - Mecking,H Calvia 
(ol) 2004 - siehe die Alternative 11...Nxd5 oben. Diese Stellung ist typisch
in dieser Variante: Schwarz hat die Bauernmehrheit am Damenflügel, aber die
weiße Mehrheit am Königsflügel ist leicht zu mobilisieren.} Na6 17. h3 {
Ein Sicherungszug: Weiß möchte nachfolgend 18.f4 und 19.Kf2 spielen.} Rad8 18.
f4 {[%csl Ge4,Gf4] Weiß mobilisiert seine Bauern; Schwarz muss mit e4-e5 oder
auch f4-f5 rechnen.} Nb4 19. Kf2 Rd2 (19... Nd3+ 20. Ke3 Nb4 21. Rad1 $14) 20.
a3 {Stufenweise verbessert Weiß seine Stellung.} (20. Rhd1 Rfd8) (20. f5 Bc8
21. a3 Na6 22. Rhd1 $14) 20... Na6 21. b4 $1 {[%csl Ra6][%mdl 32] Weiß verfügt
über eine starke Initiative am Königsflügel, während der a6N schlecht steht.}
Rfd8 (21... Nc7 22. e5 $14 (22. Rhd1 Rfd8 23. e5 Rxd1 24. Nxd1 $14)) 22. e5 {
[%cal Gg2b7]} Ne8 (22... Nd5 23. Ne4 Rb2 24. Rhb1 Rxb1 25. Rxb1 $14) 23. Ne4
Rb2 24. Rhb1 $1 {Weiß tauscht den aktiven schwarzen Turm.} Rxb1 (24... Rc2 25.
Rd1 Rxd1 26. Rxd1 Bc4 27. Bf3 $14) 25. Rxb1 f6 (25... Rd3 26. N4c3) 26. Ke3 {
[%csl Ge3] Der weiße König steht nicht schlecht im Zentrum.} Nac7 (26... fxe5
27. fxe5 $14) (26... Bd5) 27. Nc5 {[%csl Gc5]} Bc8 (27... Bd5 28. Bxd5+ Nxd5+
29. Ke4 Rb8 30. b5 $16) 28. Nc3 {[%csl Gb4,Rb7,Gc5,Rc6,Ge3,Gg2] Weiß verfügt
über eindeutigen Positionsvorteil: sein g2-Läufer und der c5N stehen
ausgezeichnet und paralysieren den schwarzen Damenflügel.} (28. Nd4 $16) 28...
Na8 {[%cal Ga8b6]} 29. b5 Nb6 (29... b6 30. Nd3 Bf5 31. Rd1 $16) 30. bxc6 bxc6
{[%csl Rc6] Der c6P ist eine Schwächung in der schwarzen Stellung.} 31. e6 $16
{[%csl Rc8,Ge6]} Nd6 (31... Nc4+ 32. Kf2 Nxa3 33. Rb8 $18) 32. g4 {[%cal Gf4f5]
} Ndc4+ 33. Kf2 Rd2+ 34. Kg1 Kf8 {[%cal Gf8e7] Schwarz muss den e-Bauern
blockieren.} (34... Nxa3 35. Re1 $18) 35. a4 $6 (35. Bxc6 $142 Nxa3 (35... Rc2
36. Nb5) 36. Re1 Ke7 37. Ra1 $18) 35... Rc2 36. N3e4 Ke7 (36... Ne3 37. Bf3 f5
38. gxf5 Nxf5 39. a5 $16) 37. f5 {[%csl Ge6,Gf5,Gg4,Gh3] Weiß hat eine schöne
Bauernkette und versperrt dem schwarzen Läufer alle Aktionsfelder.} Ne3 38. Bf3
Ra2 39. Nc3 Rc2 40. N3e4 Ra2 41. Ng3 Nec4 $2 (41... Rc2 42. Nb3 Nbd5 43. Nd4
$16) 42. Bxc6 Rc2 43. Nb3 Ne5 44. Bg2 Nxa4 45. Ra1 {[%csl Ra4,Ra7][%cal Ra1a7]}
Rc4 (45... Rc3 46. Rxa4 a6 47. Nh5 Rxb3 48. Nxg7 $18) 46. Na5 Rb4 47. Nc6+ Nxc6
48. Bxc6 $18 {[%csl Ra4,Ra7]} Nc5 49. Rxa7+ Bb7 50. Ne4 $1 1-0

[Event "Olympiad-36"]
[Site "Mallorca"]
[Date "2004.10.29"]
[Round "14"]
[White "Matamoros Franco, Carlos S"]
[Black "Mecking, Henrique"]
[Result "1-0"]
[WhiteElo "2513"]
[BlackElo "2557"]
[Annotator "Ribli,Z"]
[PlyCount "167"]
[EventDate "2004.10.15"]
[EventType "team-swiss"]
[EventRounds "14"]
[EventCountry "ESP"]
[SourceTitle "CBM 104"]
[Source "ChessBase"]
[SourceDate "2005.01.27"]
[SourceVersion "1"]
[SourceVersionDate "2005.01.27"]
[SourceQuality "1"]
[WhiteTeam "Ecuador"]
[BlackTeam "Brazil"]
[WhiteTeamCountry "ECU"]
[BlackTeamCountry "BRA"]

1. c4 e5 2. g3 c6 3. d4 Bb4+ 4. Bd2 Bxd2+ 5. Qxd2 d6 6. Nc3 Nf6 7. Bg2 O-O 8.
e3 {Das ist die elastische Fortsetzung, Weiß lässt die Diagonale des
g2-Läufers geöffnet.} (8. e4 Nbd7 9. Nf3 a6) 8... Be6 (8... Qe7 9. Nge2 Na6 (
9... Re8 10. O-O Nbd7 11. h3 Nf8 $13) 10. O-O Be6 11. b3 Rad8 12. Rad1 Qc7 13.
Qb2 Qc8 14. Rd2 Bh3 15. e4 Bxg2 16. Kxg2 Rfe8 17. Rfd1 $14 {1/2-1/2 Horvath,
J-Beim,V/TCh-AUT 2003 (27)}) (8... Re8 9. Nge2 e4 $6 10. O-O d5 11. cxd5 cxd5
12. f3 exf3 13. Rxf3 Bg4 14. Rf4 Nc6 15. Raf1 Bxe2 16. Qxe2 Re6 17. g4 {
1-0 Matamoros Franco,C-Rohl,J/Calvia ol (Men) 2004/(51)}) 9. b3 (9. d5 cxd5 10.
cxd5 Bd7 11. b4 Na6 12. Rb1 Rc8 13. Nge2 Rc4 14. a3 Qb6 15. O-O Rfc8 {1/2-1/2
Granda Zuniga,J-Rohl,J/Calvia ESP 2004/Calvia ol (Men) (35)}) 9... exd4 10.
Qxd4 (10. exd4 d5 11. c5 Re8 12. Nge2 Qc8 13. O-O Bh3 {1/2-1/2 Lobron,E-Huzman,
A/Budapest 1996/CBM 56/[Ribli] (51)}) 10... d5 11. cxd5 Nxd5 (11... cxd5 12.
Nge2 Nc6 13. Qd2 Qb6 14. O-O Rad8 15. Rfd1 Ne4 $13 {Der d5P ist isoliert, aber
Schwarz hat eine sehr aktive Figurenstellung.}) 12. Nge2 (12. Nxd5 Bxd5 13.
Bxd5 cxd5 14. Nf3 (14. Ne2 Nc6 15. Qd2 Qf6 16. O-O Rfd8 17. Nd4 Nxd4 18. Qxd4
Qxd4 19. exd4 {1/2-1/2 Matamoros Franco,C-Fernandez Romero,E/Dos Hermanas 2003/
CBM95 (19)}) 14... Nc6 15. Qb2 Qa5+ 16. Qd2 Qb5 {[%csl Gb5][%cal Gb5f1]
Natuerlich tauscht Schwarz nicht die Damen.} 17. Rd1 Rad8 18. Nd4 Nxd4 19. Qxd4
Rfe8 {[%csl Gd8,Re1,Ge8] 1/2-1/2 Pelletier,Y-Lautier,J/France 2003/CBM 95/
[Ribli] (29)}) 12... Qa5 (12... Nxc3 13. Qxc3 Nd7 (13... Na6 $5) 14. O-O Qe7
15. Nd4 Rfd8 16. Rfd1 Nf6 17. Rd2 Rd7 18. h3 Rad8 19. Rad1 c5 {1/2-1/2
Ivanisevic,I-Bacrot,E/Halkidiki GRE 2002/(42)}) 13. Qa4 (13. O-O $5 Nxc3 14.
Qxc3 Qxc3 15. Nxc3 Na6 16. Rab1 Rad8 17. b4 Nc7 18. a4 Nd5 19. Ne2 Nf6 20. Nd4
{1-0 Lobron,E-Peek,M/Wijk aan Zee NED 2003/(63)}) 13... Qxa4 14. Nxa4 Nd7 (
14... Na6 15. Nd4 (15. O-O Rad8 16. Rfe1 Nb6 17. Nac3 Nd5 18. Na4 Nb6 19. Nac3
Nd5 {1/2-1/2 Matamoros Franco,C-Belkhodja,S/ Calvia ol (Men) 2004/(19)}) 15...
Rad8 16. O-O Bc8 17. Rfc1 {1-0 Ivanchuk,V-Sutovsky,E/Moscow 2001/CBM 86 (58)'})
15. O-O Rfd8 16. Nd4 Kf8 17. b4 $14 {[%mdl 32] Weiß hat einen kleinen
Positionsvorteil. Er hat eine "ewige" Springerstellung auf d4 und mit der
Unterstützung des g2-Läufers kann er am Damenflügel im Folgenden mit b4-b5
aktiv spielen.} Rac8 (17... Nxb4 18. Rab1 c5 19. Nxe6+ fxe6 20. Rfd1 $36) 18.
a3 b5 (18... b6 19. Rfd1 $14 (19. Rac1 $14)) 19. Nb2 (19. Nc5 Nxc5 20. bxc5 Nc3
$11) 19... a6 20. Nd3 {[%csl Yc5][%cal Gd3c5]} Ne7 $6 {Dieser Zug gefällt mir
nicht - im Folgenden bekommt Weiß freie Hand am Damenflügel.} (20... c5 $1 21.
Nxe6+ fxe6 22. Bxd5 exd5 23. Nf4 {[%cal Rf4d5,Rf4e6,Re6f8,Re6d8]} Kf7 24. Nxd5
c4 25. Nc3 $14) 21. Nxe6+ fxe6 22. a4 $1 {[%cal Ga1a7] Nach diesem starken Zug
kommt der a1R stark ins Spiel.} Nd5 23. axb5 axb5 24. Ra7 {[%csl Ga7][%cal
Ga7h7]} Ra8 (24... c5 25. Bxd5 exd5 26. Nf4 $16 {[%cal Rf4e6,Re6f8,Re6d8,Rf4d5]
}) 25. Rfa1 Rxa7 26. Rxa7 Ke8 27. Bxd5 (27. f4 $14) 27... cxd5 (27... exd5 28.
Rc7 $16) 28. Nf4 Ke7 29. Ra6 Nf8 30. Rb6 {[%csl Rb5]} d4 {Schwarz möchte das
Material reduzieren.} (30... g5 31. Nd3 Nd7 32. Rxb5 Rc8 33. Kf1 $16) 31. exd4
Rxd4 32. Rxb5 $16 {[%mdl 4096] Weiß hat einen Bauern mehr und die bessere
Bauernstellung.} g5 33. Rxg5 (33. Ne2 $16) 33... Rxb4 34. Rg7+ Kd6 (34... Kf6
35. Nh5+ Kf5 36. Kg2 $16) 35. Rf7 Rb8 36. Kg2 e5 37. Rf6+ Ke7 38. Nd5+ Kd7 39.
Rh6 {[%csl Rb8,Gd5,Rf8,Gh6] Schwarz hat nicht nur einen Bauern weniger, aber
auch eine sehr passive Stellung.} Rb7 40. h4 Ra7 41. Nb6+ (41. Kf3 $16) 41...
Ke8 42. Nc8 (42. Nc4 $16) 42... Rg7 43. Nd6+ Kd7 44. Nc4 Ng6 45. Kf1 (45. h5
Nh4+ 46. Kf1 Nf3 47. Ke2 e4 48. Ke3 Ng5 49. Ra6 $18) 45... Re7 46. h5 Nf8 47.
Rf6 Ke8 (47... Re8 48. g4 $16) 48. Nd6+ Kd7 49. Nf5 Re8 50. Ke2 {Endlich
bringt Weiß seinen König ins Spiel.} Ra8 51. Ke3 Ne6 52. Rf7+ Kc6 53. Rxh7 $18
{Weiß hat zwei Bauern mehr und steht auf Gewinn.} Ra3+ 54. Ke2 Ra2+ 55. Kf1 Ng5
56. Rh6+ Kc5 57. Nd6 (57. Ne3 Ne4 58. Ng4 $18) 57... Kd5 58. Kg2 e4 59. Nf5 Ke5
60. Ne3 Nf3 61. Rh8 Ne1+ 62. Kf1 (62. Kh3 $18) 62... Nf3 63. Re8+ Kf6 64. Kg2 (
64. Rxe4 $4 Nd2+ $19) 64... Ne1+ 65. Kh3 Nf3 66. Kg4 Rxf2 67. Rxe4 (67. Nd5+
Kg7 68. Re7+ Kf8 69. Rxe4 $18) 67... Nh2+ 68. Kh3 Kg5 69. Re5+ Kh6 70. Ng4+
Nxg4 71. Kxg4 {Mit zwei verbundenen Bauern gewinnt Weiß leicht.} Rf6 72. Kh4
Rb6 73. g4 Rb4 74. Re6+ Kg7 75. h6+ Kf7 76. Ra6 Kg8 77. Kh5 Rb7 78. g5 Rb5 79.
Kg6 Rb8 80. Ra5 {Weiß sichert sich die 5. Reihe und bereitet das Manöver 81.
Kh5 und 82.g6 vor.} Rc8 81. Kh5 Rd8 82. g6 Rc8 83. h7+ Kh8 84. Kh6 1-0

[Event "Riga zt"]
[Site "Riga"]
[Date "1995.??.??"]
[Round "6"]
[White "Piesina, Gintautas"]
[Black "Zapolskis, Antanas J"]
[Result "1-0"]
[WhiteElo "2400"]
[BlackElo "2360"]
[Annotator "Ribli,Z"]
[PlyCount "107"]
[EventDate "1995.03.??"]
[EventType "tourn"]
[EventRounds "13"]
[EventCountry "LAT"]
[EventCategory "10"]
[SourceTitle "CBM 047"]
[Source "ChessBase"]
[SourceDate "1995.08.01"]
[SourceVersion "1"]
[SourceVersionDate "1995.08.01"]
[SourceQuality "1"]

1. c4 e5 2. g3 f5 $6 {Ich finde diesen Zug nicht besonders gluecklich.} (2...
Nc6 $5) 3. d4 $1 e4 $6 (3... d6 $6 4. Nc3 Nf6 5. dxe5 dxe5 6. Qxd8+ Kxd8 7. Bg5
c6 8. Nf3 Bd6 9. O-O-O Ke7 10. Bh3 Rd8 11. e4 $1 $16 {Weiss hat bessere
Entwicklung und auch eine starke Initiative. Sher,M-Tseitlin ,Mi/Budapest
Elekes/1989/CBM14/}) (3... exd4 $5 4. Qxd4 Nc6 5. Qd1 Bb4+ 6. Bd2 Qe7 $13 {
Schwarz hat Gegenchancen. Sher,M-Bologan,V/Ostrava/1993/CBM38/}) 4. Nh3 Nf6 5.
Nf4 c6 6. e3 Na6 7. Nc3 Nc7 8. d5 Bd6 (8... d6 $6 {Jetzt erreichen wir eine
typische Stellung von A21 (1.c4 e5 2.Nc3 d6 3.Nf3 f5 4.d4 e4 5.Ng5 usw.), aber
mit zwei extra Tempi. Weiss hat klaren Vorteil.}) 9. b3 O-O 10. Bb2 Qe7 11. Qd2
Be5 12. O-O-O {Weiss spielt sehr agressiv.} d6 {Der Nachziehende will mit c5
das Zentrum schliessen.} 13. dxc6 $1 bxc6 14. Na4 Bxb2+ (14... Bd7 $5) 15. Kxb2
d5 16. cxd5 cxd5 17. Rc1 $1 $14 {Weisse Figuren stehen guenstiger und der
d5-Bauer ist auch schwach.} Rd8 18. Be2 Ne6 19. Rhd1 Nxf4 20. gxf4 Be6 21. Nc5
Bf7 22. Qd4 Nd7 23. Rg1 g6 24. Nxd7 Rxd7 25. Bb5 Rd6 26. Rc2 {Der Anziehende
hat eine Traumstellung. Er hat eine Riesendame in d4, offene c-Linie fuer die
Tuerme und einige gegnerische Bauern (a7,d5) sind schwach.} a6 27. Ba4 Rad8 28.
Rgc1 Qh4 $2 {Verliert noch ein Tempi.} (28... Qf6 $5) 29. Rc7 $1 Qf6 (29...
Qxf2+ $2 30. R1c2 Qh4 31. Rxf7 $1 Kxf7 32. Rc7+ $18) 30. Ra7 Qxd4+ 31. exd4 g5
{Sonst ist Schwarz fast im Zugzwang.} 32. fxg5 f4 33. Rcc7 Rf8 (33... Bg6 $5 {
Dieser Zug gibt bessere Rettungsmoeglichkeit.} 34. h4 e3 35. fxe3 f3 36. h5 f2
37. Rg7+ Kh8 (37... Kf8 38. hxg6 f1=Q 39. gxh7 $18) 38. hxg6 f1=Q 39. Rxh7+ Kg8
40. Rag7+ Kf8 41. Rf7+ Qxf7 42. gxf7 $18 {Droht Be8}) 34. Be8 $1 {Sehr schoen.}
Rxe8 (34... Bxe8 $4 35. Rg7+ Kh8 36. Rxh7+ Kg8 37. Rag7#) 35. Rxf7 Rg6 (35...
e3 36. fxe3 fxe3 37. Rg7+ Kf8 38. Rxh7 Kg8 39. Rag7+ Kf8 40. Rh8+ Kxg7 41. Rxe8
$18) 36. Rxf4 Rxg5 37. Rxa6 Rg2 {Droht /\ e3} 38. Ka3 Rxh2 39. Rd6 Ra8+ (39...
Rh5 40. Kb4 Rb8+ 41. Kc5 Rc8+ 42. Rc6 $18) 40. Kb4 Rxa2 41. Rxd5 Rhxf2 42. Rg5+
$1 {Dieser feine Zug schickt den Koenig ganz fern.} Kh8 43. Rxe4 Ra8 44. Re7
Rd8 45. Rh5 Rxd4+ 46. Kc5 Rg4 47. Rexh7+ Kg8 48. Rh8+ Kf7 49. R5h7+ {Schwarz
kann einen Turmtausch nicht verhindern.} Rg7 50. Rxg7+ Kxg7 51. Re8 $1 Rf5+ 52.
Kb6 Rf6+ 53. Ka5 Rf5+ 54. Ka4 {Ribli} 1-0

[Event "Tel Aviv"]
[Site "Tel Aviv"]
[Date "1992.??.??"]
[Round "9"]
[White "Davies, Nigel Rodney"]
[Black "Khenkin, Igor"]
[Result "0-1"]
[WhiteElo "2460"]
[BlackElo "2530"]
[Annotator "Ribli,Z"]
[PlyCount "72"]
[EventDate "1992.04.??"]
[EventType "tourn"]
[EventRounds "11"]
[EventCountry "ISR"]
[EventCategory "11"]
[SourceTitle "CBM 030"]
[Source "ChessBase"]
[SourceDate "1992.10.01"]
[SourceVersion "1"]
[SourceVersionDate "1992.10.01"]
[SourceQuality "1"]

1. c4 e5 2. g3 c6 3. d4 (3. d3 d5 4. Nd2 Nf6 5. Bg2 Bd6 6. Qb3 $6 O-O 7. cxd5
cxd5 8. Ngf3 Nc6 9. O-O a5 $13 {Meduna,E-Keilinghaus,L Prague Chip 1992 CBM/27}
) (3. Bg2 d5 4. cxd5 cxd5 5. d4 exd4 6. Nf3 Bb4+ $1 7. Bd2 (7. Nbd2 d3 8. Ne5
Bd6 9. Nxd3 $13 {Keitlinhaus,L-Schmittdiel,E Dortmund-B 1990 CBM/18}) 7... Bc5
8. O-O Nc6 9. Bf4 Nge7 10. Nbd2 Bb6 $10 {Larsen,B-Gulko,B Hastings 1988/89 CBM/
11 47/23}) 3... Bb4+ $1 (3... exd4 4. Qxd4 d5 5. Bg2 Nf6 6. Nf3 Be7 7. cxd5
cxd5 8. O-O O-O 9. Nc3 Nc6 10. Qa4 Qb6 11. Qb5 $14 {Davies,N-Morgan,M New York
op 1991 CBM/23}) 4. Bd2 Bxd2+ 5. Qxd2 d6 6. Bg2 (6. dxe5 dxe5 7. Qxd8+ Kxd8 8.
Nf3 f6 $10) 6... Qe7 7. Nc3 Nf6 8. e4 (8. e3 O-O 9. Nge2 $13) 8... d5 $5 9.
cxd5 (9. dxe5 Nxe4 (9... Qxe5 $2 10. f4 Qe7 11. cxd5 cxd5 12. e5 O-O 13. Nge2
$18) 10. Nxe4 dxe4 11. Qd6 Nd7 $10) 9... exd4 $1 (9... cxd5 10. dxe5 Nxe4 11.
Nxd5 Qxe5 12. Nf3 $16) 10. Qxd4 cxd5 11. Nxd5 Nxd5 12. Qxd5 O-O $44 13. Ne2 Rd8
14. Qb3 Be6 15. Qe3 (15. Qc3 Nc6 (15... Na6 $5) 16. O-O Rac8 $44) 15... Qb4+
16. Qc3 Nc6 17. O-O Rd2 18. Qxb4 Nxb4 19. Nc3 Rxb2 20. Rab1 Rxb1 21. Rxb1 Nxa2
22. Nxa2 Bxa2 23. Rxb7 a5 $15 24. e5 Rc8 25. Be4 (25. Bc6 $5 Kf8 26. Rb6 Bc4
$15) 25... a4 $1 26. Ra7 Bb3 27. f4 g6 28. Kf2 h5 29. Ke3 Rc1 30. Kd2 Ra1 31.
Kc3 Ra2 32. h4 Ra1 33. Rd7 Rc1+ 34. Kb2 Re1 35. Bb1 Be6 $1 36. Rd3 $2 (36. Ra7)
36... Rxb1+ 0-1

[Event "Hoogovens op"]
[Site "Wijk aan Zee"]
[Date "1995.01.??"]
[Round "7"]
[White "Seirawan, Yasser"]
[Black "Sokolov, Ivan"]
[Result "1/2-1/2"]
[WhiteElo "2600"]
[BlackElo "2645"]
[Annotator "Ribli,Z"]
[PlyCount "58"]
[EventDate "1995.01.??"]
[EventType "swiss"]
[EventRounds "12"]
[EventCountry "NED"]
[SourceTitle "CBM 046"]
[Source "ChessBase"]
[SourceDate "1995.06.01"]
[SourceVersion "1"]
[SourceVersionDate "1995.06.01"]
[SourceQuality "1"]

1. c4 e5 2. g3 c6 3. Bg2 Nf6 (3... d5 $5) 4. d4 exd4 5. Qxd4 d5 6. cxd5 (6. Nf3
dxc4 7. Qxc4 Be7 8. O-O O-O 9. Nc3 Be6 $10 {Weiss hat nichts erreicht.
Andersson,U-Huebner,R/Skelleftea WCup/1989/CBM14/}) 6... cxd5 7. Nf3 Nc6 8. Qa4
Bc5 $5 {Nur diese aktive Fortsetzung gibt ausgeglichenen Moeglichkeiten.} (8...
Be7 $6 9. O-O O-O 10. Be3 $1 Ne4 11. Nc3 $1 Nxc3 12. bxc3 Na5 13. Ne5 Be6 14.
Rfd1 Bf6 15. Nd3 Nc4 16. Bd4 $16 {Weiss hat bessere Bauernstrukture und aktive
Figurenstellung.Serper,G-Lutz,C/ Dortmund/1993/CBM35/INF57,18/}) 9. O-O O-O 10.
Bg5 h6 11. Bxf6 Qxf6 12. Nc3 Be6 13. Ne1 {Mit diesem interessanten Manoever
hofft Weiss in Vorteil zu kommen.} (13. Rac1 Qe7 14. e3 Rfd8 15. Rfd1 Rac8 $10
{Schwarz hat einen schwaechen Bauern (d5),aber er hat dafuer Laeuferpaar. Die
Stellung ist ungefaehr gleich. Sher,M-Raecky,A/Hastings op/1993/EXP33/}) 13...
Rad8 14. Nd3 Bd4 15. Rac1 Rfe8 16. Nf4 Qe5 (16... Bxc3 $2 17. Rxc3 d4 18. Rc5
$14 {Weiss steht klar besser, weil Schwarz Schwierigkeiten am Damenfluegel hat.
}) 17. e3 (17. Rfd1 $5) 17... Bxc3 18. bxc3 {Zu pruefen ist 18.Rc3!?} (18. Rxc3
$5) 18... Re7 19. Rfd1 Red7 20. Qb5 a6 21. Qc5 Qd6 22. Qxd6 Rxd6 $10 {Nach dem
Damentausch sind nicht nur der d5 sondern auch der c3 Bauern nicht besonders
stark.} 23. c4 $5 {Seirawan will die Partie mit diesem Zug friedlich beenden.}
dxc4 24. Rxd6 Rxd6 25. Nxe6 fxe6 26. Rxc4 Rd1+ 27. Bf1 Kf7 28. Kg2 Rd2 29. a4
Kf6 {Ribli} 1/2-1/2